| 000 | 00685nam a22002057a 4500 | ||
|---|---|---|---|
| 003 | DO-SdBNP | ||
| 005 | 20211028092846.0 | ||
| 007 | ta | ||
| 008 | 210528e2012 dr ca||gr|||| 001 0 spa d | ||
| 020 | _a9789945006193 | ||
| 040 |
_aDO-SdBNP _bspa _cBNPHU |
||
| 082 | 4 |
_222 _bS132p |
|
| 100 | 1 |
_aSaillant V., César A. _955036 |
|
| 245 | 1 | 0 |
_aParticipación de Ramfis Trujillo en el asesinato de los héroes del 30 de mayo de 1961 : _bRevelaciones a Sánchez Cabral / _cCésar A. Saillant V. |
| 260 |
_aSanto Domingo: _bMuseo Memorial de Resistencia Dominicana, _c2012. |
||
| 300 |
_a77 p. : _bil., retr. ; _c22 cm. |
||
| 590 | _aInventariado, 2021/MF | ||
| 910 | _aMF | ||
| 942 |
_2ddc _cLBS1 |
||
| 999 |
_c49857 _d49857 |
||